Statistics for California Cities starting with SAN or SANTA

Click here to take the quiz!

General Stats

  • This quiz has been taken 6,723 times
    (6,700 since last reset)
  • The average score is 11 of 33

Answer Stats

2010 PopulationCity% Correct
805,235San Francisco
95%
1,301,617San Diego
93%
945,942San Jose
86%
88,410Santa Barbara
68%
324,528Santa Ana
64%
209,924San Bernardino
56%
89,736Santa Monica
50%
99,553Santa Maria
46%
116,468Santa Clara
46%
59,946Santa Cruz
43%
41,119San Luis Obispo
33%
176,320Santa Clarita
32%
167,815Santa Rosa
31%
23,645San Fernando
27%
97,207San Mateo
25%
63,522San Clemente
20%
57,713San Rafael
19%
28,406San Carlos
18%
83,781San Marcos
18%
29,139San Pablo
18%
13,147San Marino
16%
72,148San Ramon
15%
39,718San Gabriel
15%
33,371San Dimas
14%
34,593San Juan Capistrano
14%
44,199San Jacinto
13%
4,001San Joaquin
13%
84,950San Leandro
13%
29,321Santa Paula
12%
41,114San Bruno
12%
16,223Santa Fe Springs
10%
1,862San Juan Bautista
9%
12,336San Anselmo
9%

Score Distribution

Percentile by Number Answered

Percent of People with Each Score

Your Score History

You have not taken this quiz since the last reset